LEGO Series 23 Minifigures by Picture - Statistics

General Stats
  • This quiz has been taken 12 times
  • The average score is 11 of 12
Answer Stats
Picture Answer % Correct
Cardboard Robot
100%
Ferry Captain
100%
Green Dragon Costume
100%
Knight of the Yellow Castle
100%
Popcorn Costume
100%
Snowman
100%
Sugar Fairy
100%
Wolf Costume
100%
Christmas Elf
89%
Nutcracker
78%
Reindeer Costume
78%
Turkey Costume
78%
No matching quizzes found
Score Distribution
Percent of People with Each Score
Percentile by Number Answered
Your Score History
You have not taken this quiz